| 000 | 00375nam a2200133 4500 | ||
|---|---|---|---|
| 999 |
_c11875 _d11875 |
||
| 008 | 210113b ||||| |||| 00| 0 eng d | ||
| 082 | 0 | 0 |
_a891.43 _bT835 |
| 245 | 1 | 0 |
_aSrestha poranik kahaniyan / _cedited by Radhavallabha Tripathy |
| 260 |
_a[s.l.] _b[s.n.] _c? |
||
| 300 | _a. | ||
| 650 | 0 | _aHindi fiction | |
| 700 |
_94160 _aTripathi, Radhavallabha _eeditor |
||
| 942 |
_2ddc _cBK |
||